01359nam a2200337 a 4500001001200000003000800012006001900020007001500039008004100054010001700095020001500112020001800127020002700145040002100172035002100193043001200214050002800226082002800254100002400282245011500306260005500421300004300476504005100519533015200570650004600722650006400768655002900832710001700861856012600878999001701004ebr10723940CaPaEBRm o u cr cn|||||||||841123s1985 utuaf sb 001 0 eng d z 84027005  z0874211220 z9780874211610 z9780874219340 (e-book) aCaPaEBRcCaPaEBR a(OCoLC)610272642 an-us-ut14aHD6515.M616bU87 1985eb04a331.88/122334/097922191 aPowell, Allan Kent.14aThe next time we strikeh[electronic resource] :blabor in Utah's coal fields, 1900-1933 /cAllan Kent Powell. aLogan, Utah :bUtah State University Press,c1985. axix, 272 p., [14] p. of plates :bill. aIncludes bibliographical references and index. aElectronic reproduction.bPalo Alto, Calif. :cebrary,d2013.nAvailable via World Wide Web.nAccess may be limited to ebrary affiliated libraries. 0aCoal minersxLabor unionszUtahxHistory. 0aCollective bargainingxCoal mining industryzUtahxHistory. 7aElectronic books.2local2 aebrary, Inc.40uhttp://site.ebrary.com/lib/rucke/Doc?id=10723940zAn electronic book accessible through the World Wide Web; click to view c38460d38460